| 000 | 00418nam a2200181Ia 4500 | ||
|---|---|---|---|
| 003 | 0100 | ||
| 008 | 130303s9999 xx 000 0 und d | ||
| 040 | _cARRUPELIB | ||
| 050 | _aHV8694.B5 1979 | ||
| 100 | _aBerns, Walter | ||
| 245 | _aFor capital punishment | ||
| 245 | _bCrime and the morality of the death penalty | ||
| 260 | _aNY | ||
| 260 | _bBasic Books | ||
| 260 | _C1979 | ||
| 300 | _a214p | ||
| 942 | 0 | 0 | _01 |
| 999 |
_c26810 _d26810 |
||